[Event "IV Zagreb Open 2019"]
[Site "Zagreb"]
[Date "2019.12.10"]
[Round "5.1"]
[White "Kozul, Zdenko"]
[Black "Smith, Bryan"]
[Result "1-0"]
[WhiteElo "2590"]
[BlackElo "2428"]
[Annotator "ChessBase"]
[PlyCount "73"]
[EventDate "2019.12.07"]
[EventType "swiss"]
[EventCountry "CRO"]
[SourceTitle "playchess.com"]
[Source "ChessBase"]
[SourceQuality "1"]
[TimeControl "40/5400+30:1800+30"]

1. d4 {[%emt 0:00:00]} Nf6 {[%emt 0:00:00]} 2. c4 {[%emt 0:00:00]} e6 {[%emt 0:00:00]} 3. Nf3 {[%emt 0:01:37]} c5 {[%emt 0:00:51]} 4. d5 {[%emt 0:00:10]} d6 {[%emt 0:00:13]} 5. Nc3 {[%emt 0:00:15]} exd5 {[%emt 0:00:07]} 6. cxd5 {[%emt 0:00:06]} g6 {[%emt 0:00:04]} 7. h3 {[%emt 0:02:28]} Bg7 {[%emt 0:00:20]} 8. Bf4 {[%emt 0:00:09]} O-O {[%emt 0:00:38]} 9. e3 {[%emt 0:00:07]} Na6 {[%emt 0:01:15]} 10. Bxa6 {[%emt 0:00:26]} bxa6 {[%emt 0:00:09]} 11. O-O {[%emt 0:00:03]} Bf5 {[%emt 0:17:04]} 12. Rc1 {[%emt 0:04:31]} Ne4 {[%emt 0:06:34]} 13. Nxe4 {[%emt 0:10:00]} Bxe4 {[%emt 0:00:21]} 14. Rc4 {[%emt 0:01:51]} Re8 {[%emt 0:06:26]} 15. b3 {[%emt 0:03:41]} h6 {[%emt 0:14:09]} 16. Ne1 {[%emt 0:12:20]} a5 {[%emt 0:07:10]} 17. g4 {[%emt 0:15:06]} g5 {[%emt 0:00:51]} 18. Bg3 {[%emt 0:00:07]} Bg6 {[%emt 0:02:10]} 19. Ng2 {[%emt 0:00:29]} Rb8 {[%emt 0:04:10]} 20. Kh2 {[%emt 0:04:21]} Rb4 {[%emt 0:04:10]} 21. f3 {[%emt 0:04:36]} f5 {[%emt 0:02:33]} 22. Be1 {[%emt 0:02:49]} h5 {[%emt 0:13:02]} 23. Bxb4 {[%emt 0:08:58]} axb4 {[%emt 0:00:06]} 24. gxf5 {[%emt 0:00:03]} Bxf5 {[%emt 0:00:12]} 25. f4 {[%emt 0:00:13]} g4 {[%emt 0:03:15]} 26. hxg4 {[%emt 0:00:33]} hxg4 {[%emt 0:03:29]} 27. Kg3 {[%emt 0:03:53]} Qf6 {[%emt 0:01:23]} 28. Rh1 {[%emt 0:00:16]} Qb2 {[%emt 0:02:18]} 29. Rh5 {[%emt 0:03:09]} Be4 {[%emt 0:02:58]} 30. Rxe4 {[%emt 0:00:57]} Rxe4 {[%emt 0:00:04]} 31. Qxg4 {[%emt 0:00:11]} Re8 {[%emt 0:02:28]} 32. Qg6 {[%emt 0:04:14]} Re7 {[%emt 0:00:35]} 33. Qxd6 {[%emt 0:01:03]} Bf8 {[%emt 0:00:50]} 34. Rg5+ {[%emt 0:00:44]} Rg7 {[%emt 0:00:25]} 35. Qe6+ {[%emt 0:00:14]} Kh8 {[%emt 0:00:09]} 36. d6 {[%emt 0:01:20]} Rxg5+ {[%emt 0:02:05]} 37. fxg5 {[%emt 0:00:07]} 1-0

[Event "IV Zagreb Open 2019"]
[Site "Zagreb"]
[Date "2019.12.10"]
[Round "5.2"]
[White "Janzelj, Tim"]
[Black "Nikolov, Momchil"]
[Result "1/2-1/2"]
[WhiteElo "2446"]
[BlackElo "2533"]
[Annotator "ChessBase"]
[PlyCount "87"]
[EventDate "2019.12.07"]
[EventType "swiss"]
[EventCountry "CRO"]
[SourceTitle "playchess.com"]
[Source "ChessBase"]
[SourceQuality "1"]
[TimeControl "40/5400+30:1800+30"]

1. e4 {[%emt 0:00:00]} e5 {[%emt 0:05:05]} 2. Nf3 {[%emt 0:00:00]} Nc6 {[%emt 0:00:07]} 3. Bb5 {[%emt 0:00:02]} a6 {[%emt 0:00:53]} 4. Ba4 {[%emt 0:00:10]} Nf6 {[%emt 0:00:37]} 5. O-O {[%emt 0:00:19]} Be7 {[%emt 0:01:15]} 6. Re1 {[%emt 0:00:33]} b5 {[%emt 0:00:19]} 7. Bb3 {[%emt 0:00:07]} d6 {[%emt 0:00:11]} 8. a4 {[%emt 0:00:36]} b4 {[%emt 0:01:51]} 9. d4 {[%emt 0:00:46]} exd4 {[%emt 0:16:58]} 10. Nxd4 {[%emt 0:02:38]} Nxd4 {[%emt 0:01:12]} 11. Qxd4 {[%emt 0:00:09]} O-O {[%emt 0:01:08]} 12. Nd2 {[%emt 0:13:26]} Rb8 {[%emt 0:05:11]} 13. Nc4 {[%emt 0:16:29]} Nd7 {[%emt 0:05:19]} 14. Bf4 {[%emt 0:06:36]} Nc5 {[%emt 0:02:42]} 15. Rad1 {[%emt 0:18:16]} Be6 {[%emt 0:11:07]} 16. Bg3 {[%emt 0:01:03]} Qe8 {[%emt 0:09:20]} 17. Na5 {[%emt 0:08:04]} Nxa4 {[%emt 0:06:17]} 18. Qa7 {[%emt 0:12:33]} Rc8 {[%emt 0:03:18]} 19. Ra1 {[%emt 0:10:03]} Nc5 {[%emt 0:03:39]} 20. Bd5 {[%emt 0:01:25]} Bxd5 {[%emt 0:15:47]} 21. exd5 {[%emt 0:00:01]} Qd7 {[%emt 0:00:10]} 22. Nb3 {[%emt 0:02:47]} Nxb3 {[%emt 0:00:38]} 23. cxb3 {[%emt 0:00:01]} Bf6 {[%emt 0:00:22]} 24. Rxa6 {[%emt 0:00:44]} Qf5 {[%emt 0:00:52]} 25. Rc6 {[%emt 0:01:51]} Qxd5 {[%emt 0:02:36]} 26. Rxc7 {[%emt 0:00:40]} Rce8 {[%emt 0:01:42]} 27. Rf1 {[%emt 0:00:42]} Re6 {[%emt 0:01:00]} 28. Rc4 {[%emt 0:01:50]} Qd2 {[%emt 0:01:24]} 29. h3 {[%emt 0:01:26]} d5 {[%emt 0:00:59]} 30. Bf4 {[%emt 0:00:45]} Qd3 {[%emt 0:01:24]} 31. Rxb4 {[%emt 0:00:42]} Bxb2 {[%emt 0:00:04]} 32. Rb8 {[%emt 0:00:36]} Ree8 {[%emt 0:00:40]} 33. Rxe8 {[%emt 0:00:24]} Rxe8 {[%emt 0:00:02]} 34. Qd7 {[%emt 0:00:19]} Qe4 {[%emt 0:02:12]} 35. b4 {[%emt 0:00:39]} h6 {[%emt 0:00:22]} 36. b5 {[%emt 0:00:34]} Re6 {[%emt 0:00:02]} 37. b6 {[%emt 0:00:16]} Qxf4 {[%emt 0:00:28]} 38. Qc8+ {[%emt 0:00:50]} Kh7 {[%emt 0:00:17]} 39. Qc2+ {[%emt 0:00:01]} Re4 {[%emt 0:01:19]} 40. Qxb2 {[%emt 0:00:00]} Rb4 {[%emt 0:00:00]} 41. Qc2+ {[%emt 0:02:59]} Qe4 {[%emt 0:05:44]} 42. Qc5 {[%emt 0:06:46]} Qc4 {[%emt 0:03:53]} 43. Qxc4 {[%emt 0:00:42]} dxc4 {[%emt 0:00:08]} 44. Rc1 {[%emt 0:00:06]} 1/2-1/2

[Event "IV Zagreb Open 2019"]
[Site "Zagreb"]
[Date "2019.12.10"]
[Round "5.3"]
[White "Nguyen, Piotr"]
[Black "Kotronias, Vasilios"]
[Result "0-1"]
[WhiteElo "2413"]
[BlackElo "2506"]
[Annotator "ChessBase"]
[PlyCount "136"]
[EventDate "2019.12.07"]
[EventType "swiss"]
[EventCountry "CRO"]
[SourceTitle "playchess.com"]
[Source "ChessBase"]
[SourceQuality "1"]
[TimeControl "40/5400+30:1800+30"]

1. Nf3 {[%emt 0:00:00]} Nf6 {[%emt 0:01:41]} 2. g3 {[%emt 0:01:15]} d5 {[%emt 0:01:25]} 3. Bg2 {[%emt 0:00:48]} c5 {[%emt 0:00:12]} 4. d4 {[%emt 0:02:04]} cxd4 {[%emt 0:00:04]} 5. O-O {[%emt 0:00:12]} e6 {[%emt 0:01:24]} 6. Nxd4 {[%emt 0:00:13]} Be7 {[%emt 0:01:28]} 7. c4 {[%emt 0:01:27]} O-O {[%emt 0:00:06]} 8. cxd5 {[%emt 0:00:25]} Nxd5 {[%emt 0:02:31]} 9. Qb3 {[%emt 0:02:00]} Nc6 {[%emt 0:08:28]} 10. Nxc6 {[%emt 0:01:28]} bxc6 {[%emt 0:00:03]} 11. e4 {[%emt 0:10:37]} Nb6 {[%emt 0:03:59]} 12. Bf4 {[%emt 0:04:10]} Ba6 {[%emt 0:03:37]} 13. Rc1 {[%emt 0:16:17]} c5 {[%emt 0:01:13]} 14. Qa3 {[%emt 0:08:53]} Bd3 {[%emt 0:04:51]} 15. b3 {[%emt 0:08:44]} c4 {[%emt 0:05:49]} 16. Qb2 {[%emt 0:01:30]} Bc5 {[%emt 0:01:12]} 17. Nc3 {[%emt 0:06:55]} Qe7 {[%emt 0:10:08]} 18. a4 {[%emt 0:02:17]} g5 {[%emt 0:04:37]} 19. Bd2 {[%emt 0:01:59]} Qf6 {[%emt 0:09:18]} 20. Be1 {[%emt 0:01:30]} Rab8 {[%emt 0:00:17]} 21. Nd1 {[%emt 0:02:31]} Bd4 {[%emt 0:04:57]} 22. Bc3 {[%emt 0:00:09]} e5 {[%emt 0:00:04]} 23. Qd2 {[%emt 0:08:45]} Nd7 {[%emt 0:03:18]} 24. bxc4 {[%emt 0:03:32]} Nc5 {[%emt 0:00:25]} 25. Ne3 {[%emt 0:02:20]} Bxe4 {[%emt 0:04:15]} 26. Ng4 {[%emt 0:05:26]} Qg7 {[%emt 0:00:05]} 27. Bxd4 {[%emt 0:00:52]} exd4 {[%emt 0:00:04]} 28. Bxe4 {[%emt 0:00:31]} Nxe4 {[%emt 0:00:05]} 29. Qa5 {[%emt 0:00:04]} Rbe8 {[%emt 0:03:48]} 30. Qf5 {[%emt 0:02:39]} d3 {[%emt 0:08:09]} 31. f3 {[%emt 0:01:52]} h5 {[%emt 0:01:22]} 32. fxe4 {[%emt 0:00:58]} hxg4 {[%emt 0:00:02]} 33. Qxg4 {[%emt 0:03:12]} Qd4+ {[%emt 0:00:10]} 34. Kg2 {[%emt 0:00:37]} f6 {[%emt 0:03:04]} 35. Qf5 {[%emt 0:00:44]} Kg7 {[%emt 0:00:04]} 36. Rf1 {[%emt 0:00:30]} Rxe4 {[%emt 0:02:02]} 37. Ra2 {[%emt 0:00:33]} Qxc4 {[%emt 0:00:55]} 38. Raf2 {[%emt 0:00:20]} Qxa4 {[%emt 0:03:31]} 39. Ra1 {[%emt 0:00:37]} Qc6 {[%emt 0:01:32]} 40. Kg1 {[%emt 0:00:00]} Rf7 {[%emt 0:00:00]} 41. h4 {[%emt 0:12:15]} gxh4 {[%emt 0:10:40]} 42. gxh4 {[%emt 0:00:50]} Rxh4 {[%emt 0:06:13]} 43. Rg2+ {[%emt 0:01:07]} Kf8 {[%emt 0:00:35]} 44. Rb1 {[%emt 0:03:30]} Rb7 {[%emt 0:04:10]} 45. Rf1 {[%emt 0:03:26]} Rh6 {[%emt 0:07:30]} 46. Qxd3 {[%emt 0:00:53]} Qb6+ {[%emt 0:00:09]} 47. Rff2 {[%emt 0:00:54]} Qb1+ {[%emt 0:00:05]} 48. Qf1 {[%emt 0:01:40]} Kf7 {[%emt 0:01:50]} 49. Rf5 {[%emt 0:06:10]} a6 {[%emt 0:04:17]} 50. Rg4 {[%emt 0:02:43]} Rb5 {[%emt 0:02:18]} 51. Qxb1 {[%emt 0:00:43]} Rxb1+ {[%emt 0:00:03]} 52. Kf2 {[%emt 0:00:22]} Rb5 {[%emt 0:00:16]} 53. Rf3 {[%emt 0:00:38]} Rh2+ {[%emt 0:01:43]} 54. Kg3 {[%emt 0:00:19]} Rbh5 {[%emt 0:01:18]} 55. Kf4 {[%emt 0:01:10]} R2h4 {[%emt 0:00:22]} 56. Rc3 {[%emt 0:01:33]} Rxg4+ {[%emt 0:00:25]} 57. Kxg4 {[%emt 0:00:03]} Rb5 {[%emt 0:01:34]} 58. Kf4 {[%emt 0:00:59]} a5 {[%emt 0:00:06]} 59. Rc6 {[%emt 0:00:42]} Kg6 {[%emt 0:00:11]} 60. Rc8 {[%emt 0:00:34]} Rb4+ {[%emt 0:00:04]} 61. Ke3 {[%emt 0:00:08]} a4 {[%emt 0:00:13]} 62. Rc6 {[%emt 0:00:39]} Kg5 {[%emt 0:00:15]} 63. Rc8 {[%emt 0:00:20]} Rb3+ {[%emt 0:00:38]} 64. Ke4 {[%emt 0:00:47]} f5+ {[%emt 0:00:04]} 65. Kd4 {[%emt 0:00:31]} Kf4 {[%emt 0:00:41]} 66. Rc1 {[%emt 0:00:30]} a3 {[%emt 0:00:08]} 67. Rf1+ {[%emt 0:00:19]} Kg4 {[%emt 0:00:16]} 68. Rg1+ {[%emt 0:00:11]} Rg3 {[%emt 0:00:11]} 0-1

[Event "IV Zagreb Open 2019"]
[Site "Zagreb"]
[Date "2019.12.10"]
[Round "5.4"]
[White "Enchev, Ivajlo"]
[Black "Liu, Zhaoqi"]
[Result "1-0"]
[WhiteElo "2482"]
[BlackElo "2380"]
[Annotator "ChessBase"]
[PlyCount "59"]
[EventDate "2019.12.07"]
[EventType "swiss"]
[EventCountry "CRO"]
[SourceTitle "playchess.com"]
[Source "ChessBase"]
[SourceQuality "1"]
[TimeControl "40/5400+30:1800+30"]

1. d4 {[%emt 0:05:28]} d6 {[%emt 0:00:00]} 2. Nf3 {[%emt 0:00:46]} g6 {[%emt 0:00:00]} 3. e4 {[%emt 0:01:22]} Nf6 {[%emt 0:00:05]} 4. Nc3 {[%emt 0:01:10]} Bg7 {[%emt 0:00:06]} 5. Be2 {[%emt 0:01:44]} O-O {[%emt 0:00:09]} 6. O-O {[%emt 0:00:31]} a6 {[%emt 0:00:08]} 7. a4 {[%emt 0:00:53]} Nc6 {[%emt 0:00:31]} 8. h3 {[%emt 0:02:10]} e5 {[%emt 0:01:21]} 9. dxe5 {[%emt 0:05:36]} Nxe5 {[%emt 0:06:14]} 10. Bg5 {[%emt 0:03:55]} h6 {[%emt 0:09:36]} 11. Bh4 {[%emt 0:01:30]} Bd7 {[%emt 0:14:28]} 12. Nxe5 {[%emt 0:08:46]} dxe5 {[%emt 0:00:15]} 13. f4 {[%emt 0:01:23]} Qe8 {[%emt 0:23:16]} 14. fxe5 {[%emt 0:05:46]} Nh7 {[%emt 0:00:26]} 15. Bf6 {[%emt 0:02:36]} Bc6 {[%emt 0:03:14]} 16. Qd2 {[%emt 0:04:28]} Ng5 {[%emt 0:23:54]} 17. Qf4 {[%emt 0:07:39]} Ne6 {[%emt 0:03:47]} 18. Qg3 {[%emt 0:02:45]} Bxf6 {[%emt 0:05:28]} 19. exf6 {[%emt 0:03:20]} Ng5 {[%emt 0:00:44]} 20. Bc4 {[%emt 0:02:22]} b5 {[%emt 0:00:05]} 21. Bb3 {[%emt 0:20:43]} b4 {[%emt 0:00:17]} 22. Nd5 {[%emt 0:00:40]} Qxe4 {[%emt 0:03:54]} 23. Ne7+ {[%emt 0:01:18]} Kh7 {[%emt 0:00:13]} 24. Rf4 {[%emt 0:01:33]} Qe5 {[%emt 0:00:41]} 25. Nxc6 {[%emt 0:00:52]} Qc5+ {[%emt 0:01:13]} 26. Nd4 {[%emt 0:00:12]} Rad8 {[%emt 0:00:40]} 27. Qf2 {[%emt 0:01:41]} Rfe8 {[%emt 0:00:06]} 28. Nf3 {[%emt 0:01:14]} Qxf2+ {[%emt 0:02:15]} 29. Kxf2 {[%emt 0:00:03]} Ne4+ {[%emt 0:00:03]} 30. Kg1 {[%emt 0:00:47]} 1-0

[Event "IV Zagreb Open 2019"]
[Site "Zagreb"]
[Date "2019.12.10"]
[Round "5.5"]
[White "Ivekovic, Bozidar"]
[Black "Strikovic, Aleksa"]
[Result "0-1"]
[WhiteElo "2406"]
[BlackElo "2468"]
[Annotator "ChessBase"]
[PlyCount "112"]
[EventDate "2019.12.07"]
[EventType "swiss"]
[EventCountry "CRO"]
[SourceTitle "playchess.com"]
[Source "ChessBase"]
[SourceQuality "1"]
[TimeControl "40/5400+30:1800+30"]

1. Nf3 {[%emt 0:01:07]} c5 {[%emt 0:00:17]} 2. e4 {[%emt 0:02:06]} d6 {[%emt 0:00:10]} 3. d4 {[%emt 0:00:21]} cxd4 {[%emt 0:00:05]} 4. Nxd4 {[%emt 0:00:03]} Nf6 {[%emt 0:00:06]} 5. Nc3 {[%emt 0:00:04]} g6 {[%emt 0:00:05]} 6. Be3 {[%emt 0:02:03]} Bg7 {[%emt 0:00:06]} 7. f3 {[%emt 0:00:58]} O-O {[%emt 0:00:07]} 8. Bc4 {[%emt 0:00:04]} Nc6 {[%emt 0:00:10]} 9. Qd2 {[%emt 0:00:11]} Bd7 {[%emt 0:00:06]} 10. O-O-O {[%emt 0:00:07]} Rb8 {[%emt 0:00:06]} 11. Bb3 {[%emt 0:09:02]} Na5 {[%emt 0:13:59]} 12. Bh6 {[%emt 0:05:18]} b5 {[%emt 0:14:03]} 13. h4 {[%emt 0:00:51]} Nc4 {[%emt 0:06:01]} 14. Qg5 {[%emt 0:00:42]} Rc8 {[%emt 0:01:40]} 15. h5 {[%emt 0:35:50]} Rc5 {[%emt 0:10:41]} 16. Nd5 {[%emt 0:00:05]} Bxh6 {[%emt 0:00:16]} 17. Qxh6 {[%emt 0:00:14]} g5 {[%emt 0:00:08]} 18. Bxc4 {[%emt 0:08:31]} bxc4 {[%emt 0:01:31]} 19. Nxf6+ {[%emt 0:00:21]} exf6 {[%emt 0:00:07]} 20. Ne2 {[%emt 0:00:05]} Qe7 {[%emt 0:03:34]} 21. Nc3 {[%emt 0:00:42]} Bc6 {[%emt 0:00:14]} 22. Rd4 {[%emt 0:01:49]} Re5 {[%emt 0:05:39]} 23. Nd1 {[%emt 0:13:55]} d5 {[%emt 0:06:04]} 24. Ne3 {[%emt 0:00:03]} Rb8 {[%emt 0:03:36]} 25. Ng4 {[%emt 0:02:49]} Re6 {[%emt 0:02:05]} 26. exd5 {[%emt 0:00:49]} Bxd5 {[%emt 0:14:52]} 27. Nxf6+ {[%emt 0:09:24]} Qxf6 {[%emt 0:00:17]} 28. Qxf6 {[%emt 0:00:05]} Rxf6 {[%emt 0:00:09]} 29. Rxd5 {[%emt 0:00:00]} h6 {[%emt 0:00:35]} 30. Rhd1 {[%emt 0:00:36]} Rbb6 {[%emt 0:00:05]} 31. R1d4 {[%emt 0:03:25]} Ra6 {[%emt 0:01:12]} 32. Rxc4 {[%emt 0:02:18]} Rxa2 {[%emt 0:00:05]} 33. Rc8+ {[%emt 0:00:05]} Kg7 {[%emt 0:00:06]} 34. Rdd8 {[%emt 0:00:03]} Rb6 {[%emt 0:00:21]} 35. Rh8 {[%emt 0:00:44]} Raxb2 {[%emt 0:07:26]} 36. Rcg8+ {[%emt 0:00:05]} Kf6 {[%emt 0:00:08]} 37. Rxh6+ {[%emt 0:00:45]} Kf5 {[%emt 0:00:12]} 38. Rh7 {[%emt 0:01:16]} f6 {[%emt 0:03:03]} 39. Rxa7 {[%emt 0:00:13]} Rb1+ {[%emt 0:00:05]} 40. Kd2 {[%emt 0:00:00]} Rg1 {[%emt 0:00:00]} 41. Ra5+ {[%emt 0:01:48]} Kf4 {[%emt 0:00:26]} 42. Ra4+ {[%emt 0:00:30]} Kg3 {[%emt 0:00:06]} 43. Rg4+ {[%emt 0:03:22]} Kf2 {[%emt 0:00:05]} 44. h6 {[%emt 0:00:37]} Rh1 {[%emt 0:03:57]} 45. Rg6 {[%emt 0:01:59]} Rd6+ {[%emt 0:00:05]} 46. Kc3 {[%emt 0:00:04]} Rc6+ {[%emt 0:00:04]} 47. Rc4 {[%emt 0:00:18]} Ra6 {[%emt 0:00:07]} 48. Rg4 {[%emt 0:07:56]} Rc6+ {[%emt 0:00:13]} 49. Kd4 {[%emt 0:01:34]} Rd1+ {[%emt 0:04:24]} 50. Ke4 {[%emt 0:00:05]} Rdd6 {[%emt 0:00:08]} 51. Rg8 {[%emt 0:06:58]} Rc5 {[%emt 0:07:01]} 52. R4xg5 {[%emt 0:01:51]} Rxg5 {[%emt 0:00:08]} 53. Rxg5 {[%emt 0:00:03]} fxg5 {[%emt 0:00:06]} 54. Kf5 {[%emt 0:00:37]} Rxh6 {[%emt 0:00:13]} 55. Kxg5 {[%emt 0:00:05]} Rc6 {[%emt 0:00:34]} 56. c4 {[%emt 0:06:11]} Ke3 {[%emt 0:01:16]} 0-1

[Event "IV Zagreb Open 2019"]
[Site "Zagreb"]
[Date "2019.12.10"]
[Round "5.7"]
[White "Sokac, Marko"]
[Black "Stany, G.A."]
[Result "1/2-1/2"]
[WhiteElo "2316"]
[BlackElo "2526"]
[Annotator "ChessBase"]
[PlyCount "48"]
[EventDate "2019.12.07"]
[EventType "swiss"]
[EventCountry "CRO"]
[SourceTitle "playchess.com"]
[Source "ChessBase"]
[SourceQuality "1"]
[TimeControl "40/5400+30:1800+30"]

1. e4 {[%emt 0:00:00]} c5 {[%emt 0:00:00]} 2. a3 {[%emt 0:00:01]} Nc6 {[%emt 0:00:02]} 3. b4 {[%emt 0:00:14]} Nf6 {[%emt 0:00:09]} 4. b5 {[%emt 0:04:39]} Nd4 {[%emt 0:00:12]} 5. c3 {[%emt 0:03:02]} Ne6 {[%emt 0:00:13]} 6. e5 {[%emt 0:01:52]} Nd5 {[%emt 0:00:06]} 7. Qf3 {[%emt 0:17:46]} Ndc7 {[%emt 0:05:42]} 8. a4 {[%emt 0:03:21]} d6 {[%emt 0:07:30]} 9. exd6 {[%emt 0:01:09]} exd6 {[%emt 0:00:13]} 10. Nh3 {[%emt 0:01:25]} g6 {[%emt 0:04:07]} 11. Na3 {[%emt 0:17:37]} Bg7 {[%emt 0:01:49]} 12. Be2 {[%emt 0:04:56]} O-O {[%emt 0:01:11]} 13. O-O {[%emt 0:00:22]} d5 {[%emt 0:11:00]} 14. Nc2 {[%emt 0:01:47]} b6 {[%emt 0:02:50]} 15. Rd1 {[%emt 0:01:12]} a6 {[%emt 0:15:38]} 16. bxa6 {[%emt 0:06:19]} Bxa6 {[%emt 0:00:12]} 17. d4 {[%emt 0:03:13]} Bxe2 {[%emt 0:03:06]} 18. Qxe2 {[%emt 0:00:01]} Qd7 {[%emt 0:01:36]} 19. Nf4 {[%emt 0:05:43]} Rxa4 {[%emt 0:16:30]} 20. Nxe6 {[%emt 0:04:42]} fxe6 {[%emt 0:01:19]} 21. Rxa4 {[%emt 0:02:04]} Qxa4 {[%emt 0:00:07]} 22. Bg5 {[%emt 0:00:56]} Qc6 {[%emt 0:09:43]} 23. Rb1 {[%emt 0:05:14]} b5 {[%emt 0:11:39]} 24. Be7 {[%emt 0:00:35]} Re8 {[%emt 0:01:28]} 1/2-1/2

[Event "IV Zagreb Open 2019"]
[Site "Zagreb"]
[Date "2019.12.10"]
[Round "5.8"]
[White "Ongut, Tamas Gunes"]
[Black "Cvitan, Ognjen"]
[Result "1/2-1/2"]
[WhiteElo "2288"]
[BlackElo "2488"]
[Annotator "ChessBase"]
[PlyCount "38"]
[EventDate "2019.12.07"]
[EventType "swiss"]
[EventCountry "CRO"]
[SourceTitle "playchess.com"]
[Source "ChessBase"]
[SourceQuality "1"]
[TimeControl "40/5400+30:1800+30"]

1. e4 {[%emt 0:00:00]} c5 {[%emt 0:03:06]} 2. Nf3 {[%emt 0:00:00]} d6 {[%emt 0:00:23]} 3. d4 {[%emt 0:00:00]} cxd4 {[%emt 0:00:15]} 4. Nxd4 {[%emt 0:00:00]} Nf6 {[%emt 0:00:13]} 5. Nc3 {[%emt 0:00:08]} g6 {[%emt 0:00:20]} 6. Be3 {[%emt 0:00:33]} Bg7 {[%emt 0:00:07]} 7. f3 {[%emt 0:00:15]} Nc6 {[%emt 0:00:10]} 8. Qd2 {[%emt 0:00:12]} O-O {[%emt 0:00:08]} 9. O-O-O {[%emt 0:00:55]} d5 {[%emt 0:00:08]} 10. exd5 {[%emt 0:02:18]} Nxd5 {[%emt 0:00:33]} 11. Nxc6 {[%emt 0:00:10]} bxc6 {[%emt 0:00:11]} 12. Bd4 {[%emt 0:00:09]} Bxd4 {[%emt 0:00:22]} 13. Qxd4 {[%emt 0:00:07]} Qb6 {[%emt 0:00:06]} 14. Na4 {[%emt 0:00:26]} Qc7 {[%emt 0:00:21]} 15. Nc5 {[%emt 0:01:16]} Rd8 {[%emt 0:01:01]} 16. Bc4 {[%emt 0:00:51]} Bf5 {[%emt 0:00:59]} 17. Bb3 {[%emt 0:02:34]} Nf4 {[%emt 0:00:35]} 18. Qf2 {[%emt 0:04:13]} Rxd1+ {[%emt 0:01:13]} 19. Rxd1 {[%emt 0:00:09]} Rd8 {[%emt 0:00:08]} 1/2-1/2

[Event "IV Zagreb Open 2019"]
[Site "Zagreb"]
[Date "2019.12.10"]
[Round "5.9"]
[White "Kovacevic, Blazimir"]
[Black "Jurkovic, Ante"]
[Result "1-0"]
[WhiteElo "2453"]
[BlackElo "2274"]
[Annotator "ChessBase"]
[PlyCount "137"]
[EventDate "2019.12.07"]
[EventType "swiss"]
[EventCountry "CRO"]
[SourceTitle "playchess.com"]
[Source "ChessBase"]
[SourceQuality "1"]
[TimeControl "40/5400+30:1800+30"]

1. d4 {[%emt 0:00:00]} d6 {[%emt 0:00:00]} 2. Nf3 {[%emt 0:00:00]} g6 {[%emt 0:00:20]} 3. e4 {[%emt 0:00:38]} Bg7 {[%emt 0:00:19]} 4. Bd3 {[%emt 0:00:06]} c5 {[%emt 0:02:06]} 5. d5 {[%emt 0:02:12]} Nf6 {[%emt 0:01:00]} 6. c4 {[%emt 0:00:59]} e6 {[%emt 0:00:35]} 7. h3 {[%emt 0:02:44]} exd5 {[%emt 0:00:20]} 8. cxd5 {[%emt 0:02:21]} O-O {[%emt 0:00:52]} 9. Nc3 {[%emt 0:03:36]} b5 {[%emt 0:06:41]} 10. Bxb5 {[%emt 0:08:28]} Nxe4 {[%emt 0:01:31]} 11. Nxe4 {[%emt 0:00:03]} Qa5+ {[%emt 0:00:20]} 12. Nfd2 {[%emt 0:00:04]} Qxb5 {[%emt 0:01:04]} 13. Nxd6 {[%emt 0:00:15]} Qd3 {[%emt 0:09:31]} 14. N2c4 {[%emt 0:10:33]} Qxd1+ {[%emt 0:01:23]} 15. Kxd1 {[%emt 0:00:04]} Ba6 {[%emt 0:01:11]} 16. Kc2 {[%emt 0:14:18]} Nd7 {[%emt 0:00:25]} 17. Bf4 {[%emt 0:01:11]} Bd4 {[%emt 0:03:48]} 18. Rad1 {[%emt 0:12:40]} Bxf2 {[%emt 0:10:12]} 19. Na5 {[%emt 0:22:02]} Bd4 {[%emt 0:15:16]} 20. Nc6 {[%emt 0:00:18]} Bf6 {[%emt 0:10:46]} 21. Rhe1 {[%emt 0:02:13]} Kg7 {[%emt 0:07:26]} 22. Re3 {[%emt 0:03:51]} Nb6 {[%emt 0:07:06]} 23. g4 {[%emt 0:03:42]} Bc4 {[%emt 0:02:19]} 24. g5 {[%emt 0:01:31]} Bd4 {[%emt 0:04:12]} 25. Nxd4 {[%emt 0:02:07]} cxd4 {[%emt 0:00:38]} 26. Be5+ {[%emt 0:01:18]} Kg8 {[%emt 0:02:28]} 27. Bxd4 {[%emt 0:01:06]} Rfd8 {[%emt 0:01:51]} 28. Nxc4 {[%emt 0:01:23]} Nxc4 {[%emt 0:01:03]} 29. Rc3 {[%emt 0:00:44]} Nd6 {[%emt 0:03:59]} 30. Bf6 {[%emt 0:01:26]} Rd7 {[%emt 0:00:43]} 31. Rc6 {[%emt 0:00:08]} Ne4 {[%emt 0:01:12]} 32. Rd4 {[%emt 0:01:38]} Nd6 {[%emt 0:02:22]} 33. Ra6 {[%emt 0:01:47]} Rc8+ {[%emt 0:01:30]} 34. Rc6 {[%emt 0:00:12]} Re8 {[%emt 0:00:37]} 35. Kd1 {[%emt 0:01:04]} Nf5 {[%emt 0:00:23]} 36. Rd3 {[%emt 0:00:30]} Rxd5 {[%emt 0:01:52]} 37. Rxd5 {[%emt 0:00:08]} Ne3+ {[%emt 0:00:13]} 38. Kd2 {[%emt 0:00:00]} Nxd5 {[%emt 0:00:25]} 39. Ra6 {[%emt 0:00:39]} Re6 {[%emt 0:00:58]} 40. Rxa7 {[%emt 0:00:00]} Nxf6 {[%emt 0:00:00]} 41. gxf6 {[%emt 0:00:48]} Rxf6 {[%emt 0:00:18]} 42. b4 {[%emt 0:00:26]} Rb6 {[%emt 0:03:18]} 43. a3 {[%emt 0:07:57]} Kg7 {[%emt 0:00:29]} 44. Rc7 {[%emt 0:01:30]} g5 {[%emt 0:00:46]} 45. Rc4 {[%emt 0:00:40]} h5 {[%emt 0:03:51]} 46. a4 {[%emt 0:00:43]} f5 {[%emt 0:05:53]} 47. b5 {[%emt 0:00:30]} g4 {[%emt 0:01:18]} 48. h4 {[%emt 0:06:30]} Re6 {[%emt 0:03:44]} 49. a5 {[%emt 0:02:24]} Re5 {[%emt 0:01:15]} 50. Rb4 {[%emt 0:04:57]} g3 {[%emt 0:02:34]} 51. b6 {[%emt 0:00:03]} g2 {[%emt 0:01:08]} 52. Rb1 {[%emt 0:00:09]} Rb5 {[%emt 0:01:16]} 53. Rg1 {[%emt 0:01:02]} Rxa5 {[%emt 0:00:38]} 54. Rxg2+ {[%emt 0:00:03]} Kf6 {[%emt 0:00:21]} 55. Kc3 {[%emt 0:01:15]} Ra8 {[%emt 0:02:41]} 56. Kd4 {[%emt 0:04:40]} f4 {[%emt 0:00:49]} 57. Kd5 {[%emt 0:02:01]} Rd8+ {[%emt 0:03:45]} 58. Ke4 {[%emt 0:01:24]} f3 {[%emt 0:03:28]} 59. Rb2 {[%emt 0:00:09]} Rb8 {[%emt 0:01:22]} 60. Kxf3 {[%emt 0:00:06]} Ke5 {[%emt 0:00:42]} 61. b7 {[%emt 0:01:02]} Kd6 {[%emt 0:00:27]} 62. Kf4 {[%emt 0:00:52]} Kc7 {[%emt 0:00:10]} 63. Kg5 {[%emt 0:00:40]} Rg8+ {[%emt 0:00:09]} 64. Kxh5 {[%emt 0:00:08]} Kb8 {[%emt 0:00:07]} 65. Kh6 {[%emt 0:00:33]} Rg4 {[%emt 0:02:14]} 66. h5 {[%emt 0:00:07]} Rg8 {[%emt 0:00:37]} 67. Kh7 {[%emt 0:00:25]} Rg5 {[%emt 0:00:19]} 68. h6 {[%emt 0:00:49]} Rg1 {[%emt 0:00:33]} 69. Rb6 {[%emt 0:00:12]} 1-0